ბათუმის შოთა რუსთაველის სახელმწიფო უნივერსიტეტის ბიბლიოთეკა

Саентология 8-8008 / (ბიბ.ჩანაწერი № 58284)

000 -LEADER
fixed length control field 00618nam a22001937a 4500
005 - DATE AND TIME OF LATEST TRANSACTION
control field 20211021132333.0
008 - FIXED-LENGTH DATA ELEMENTS--GENERAL INFORMATION
fixed length control field 211021s2007 ru ||||| |||| 00| 0 rus d
020 ## - INTERNATIONAL STANDARD BOOK NUMBER
International Standard Book Number 9788776871888
041 ## - LANGUAGE CODE
Language code of text/sound track or separate title rus
080 ## - UNIVERSAL DECIMAL CLASSIFICATION NUMBER
Universal Decimal Classification number 299.93 Х-12
100 ## - MAIN ENTRY--PERSONAL NAME
Personal name Хаббард, Рональд Лафайет.
9 (RLIN) 12701
245 ## - TITLE STATEMENT
Title Саентология 8-8008 /
Statement of responsibility, etc. Л.Рон Хаббард.
264 ## - PRODUCTION, PUBLICATION, DISTRIBUTION, MANUFACTURE, AND COPYRIGHT NOTICE
Place of production, publication, distribution, manufacture М. :
Name of producer, publisher, distributor, manufacturer "Нью Эра",
Date of production, publication, distribution, manufacture, or copyright notice 2007.
300 ## - PHYSICAL DESCRIPTION
Extent 399 с. :
Other physical details ил. ;
Dimensions 25 см.
653 ## - INDEX TERM--UNCONTROLLED
keyword Саентология
653 ## - INDEX TERM--UNCONTROLLED
keyword დიანეტიკა.
653 ## - INDEX TERM--UNCONTROLLED
keyword საენტოლოგია.
942 ## - ADDED ENTRY ELEMENTS (KOHA)
Source of classification or shelving scheme
Koha item type წიგნი
ეგზემპლარები
Withdrawn status Lost status Source of classification or shelving scheme Damaged status Not for loan Permanent Location Current Location Shelving location Date acquired Cost, normal purchase price Full call number Barcode Date last seen Copy number Price effective from Koha item type Public note
          ბათუმის შოთა რუსთაველის სახელმწიფო უნივერსიტეტის მთავარი ბიბლიოთეკა ბათუმის შოთა რუსთაველის სახელმწიფო უნივერსიტეტის მთავარი ბიბლიოთეკა წიგნსაცავი 2021-10-21 32.87 299.93 Х-12 61894 2021-10-21 61894 2021-10-21 წიგნი 32 ლ. 87 თ.